|
|
|
|
| LEADER |
00000cam a2200000 7i4500 |
| 001 |
0000002354 |
| 005 |
20030530.0 |
| 020 |
0 |
0 |
|a 0870555554
|
| 090 |
0 |
0 |
|a 363.700941
|b SAL 1992
|
| 100 |
1 |
0 |
|a SALTER
|h J. R. [
|q (John R.)]
|c 1932-
|
| 245 |
1 |
0 |
|a Directors' guide to environmental issues
|c John R. Salter
|
| 260 |
0 |
0 |
|a Hemel Hempstead :
|b Director Books ,
|c 1992
|
| 300 |
|
|
|a xii, 256 p. ;
|c 24 cm.
|
| 500 |
0 |
0 |
|a Includes bibliography: p. 246-247 and index
|
| 650 |
0 |
0 |
|a Environmental law
|z European Economic Community countries
|x Handbooks, manuals, etc
|
| 650 |
0 |
0 |
|a Environmental law
|z Great Britain
|x Handbooks, manuals, etc.
|
| 650 |
0 |
0 |
|a Environmental law
|z Ireland
|x Handbooks, manuals, etc.
|
| 650 |
0 |
0 |
|a Environmental policy
|z Great Britain
|x Handbooks, manuals, etc.
|
| 998 |
|
|
|a JPSM
|
| 999 |
|
|
|a 0000004215
|b Monograph
|c Open Shelf
|e Default branch
|